[Event "AUTO-MASTER-2539"]
[Site "http://www.queenalice.com/game.php?id=1471652"]
[Date "2017.4.3"]
[Round "2"]
[White "Alexandrovinsk"]
[Black "jr66"]
[Result "0-1"]
[WhiteElo "2239"]
[BlackElo "2492"]

1. d4 d5 2. Nf3 Nf6 3. c4 c6 4. Nc3 e6 5. Bg5 h6 6. Bxf6 Qxf6 7. e3 Nd7 8. Bd3
dxc4 9. Bxc4 g6 10. O-O Bg7 11. Ne4 Qe7 12. Qb3 O-O 13. Rad1 b6 14. a3 Bb7 15.
Nc3 Rfd8 16. Rd2 b5 17. Be2 a6 18. Rfd1 c5 19. dxc5 Nxc5 20. Rxd8+ Rxd8 21. Qc2
Rc8 22. Nd4 Na4 23. Qb3 Nxc3 24. bxc3 Bd5 25. Qb2 Qc5 26. Rc1 Bf8 27. a4 bxa4
28. Bxa6 a3 29. Qa1 Rb8 30. Bd3 e5 31. Nc2 Bxg2 32. Nb4 Bf3 33. e4 Qc8 34. Kf1
Qh3+ 35. Ke1 Rxb4 36. cxb4 Bxb4+ 37. Rc3 Bxe4 0-1

[Event "AUTO-MASTER-2539"]
[Site "http://www.queenalice.com/game.php?id=1471653"]
[Date "2017.4.3"]
[Round "2"]
[White "jr66"]
[Black "Alexandrovinsk"]
[Result "1-0"]
[WhiteElo "2481"]
[BlackElo "2226"]

1. e4 c6 2. d4 d5 3. e5 Bf5 4. Nf3 e6 5. Be2 Nd7 6. O-O Qb6 7. c4 dxc4 8. Nbd2
c5 9. Nxc4 Qc7 10. dxc5 Bxc5 11. Be3 Ne7 12. Nd6+ Kf8 13. Rc1 Qb6 14. Nxf5 Nxf5
15. Qxd7 Nxe3 16. Ng5 Be7 17. fxe3 Qxe3+ 18. Kh1 Qxg5 19. Qxe6 Bf6 20. Rc8+ Rxc8
21. Qxc8+ Bd8 22. Bc4 1-0

[Event "AUTO-MASTER-2539"]
[Site "http://www.queenalice.com/game.php?id=1471656"]
[Date "2017.4.3"]
[Round "2"]
[White "jr66"]
[Black "Edson_Vieira"]
[Result "1-0"]
[WhiteElo "2486"]
[BlackElo "2361"]

1. e4 c5 2. Nf3 Nc6 3. d4 cxd4 4. Nxd4 e5 5. Nb5 Nf6 6. N1c3 a6 7. Nd6+ Bxd6 8.
Qxd6 Qa5 9. Bd2 Qb4 10. Qxb4 Nxb4 11. O-O-O b5 12. Bg5 Ng4 13. Bh4 f6 14. Be2
Nh6 15. f3 Nf7 16. Bf2 Bb7 17. a4 Nd6 18. Rxd6 Nc6 19. Rhd1 Nb8 20. axb5 axb5
21. Kb1 Bc6 22. Nxb5 Kf7 23. Bc4+ Kg6 24. Na7 Bb7 25. b4 h5 26. Bc5 h4 27. b5
Rh6 28. Kb2 Kh7 29. Bf7 Kh8 30. Be3 g5 31. Bd5 Bxd5 32. R1xd5 h3 33. g4 Rh7 34.
b6 Na6 35. Ra5 Nb4 36. c3 Nd3+ 37. Rxd3 Rb8 38. Nb5 Rg7 39. Ra7 Rd8 40. b7 Rb8
41. Ra8 Rgg8 42. Rxb8 Rxb8 43. Rxd7 Kg8 44. Ba7 Rxb7 45. Rxb7 Kf8 46. Bc5+ Kg8
47. Nd6 Kf8 48. Nf5+ Kg8 49. Nh6+ Kh8 50. Bd6 1-0

[Event "AUTO-MASTER-2539"]
[Site "http://www.queenalice.com/game.php?id=1471657"]
[Date "2017.4.3"]
[Round "2"]
[White "Edson_Vieira"]
[Black "jr66"]
[Result "0-1"]
[WhiteElo "2370"]
[BlackElo "2475"]

1. Nf3 d5 2. c4 d4 3. b4 f6 4. e3 e5 5. Qb3 Nh6 6. Bb2 a5 7. exd4 e4 8. Ng1 Nc6
9. Qa4 Bf5 10. d5 axb4 11. Qb5 Ra5 12. Qxb7 Ne5 13. Bxe5 fxe5 14. a3 Bc5 15.
Qc6+ Bd7 16. Qxc5 Rxc5 17. axb4 O-O 18. bxc5 Qh4 19. Kd1 Qxf2 20. Ne2 Qxc5 21.
Nbc3 e3 22. h3 Qxc4 23. dxe3 Qd3+ 24. Ke1 Nf5 25. Ra2 Ng3 26. Rg1 Ne4 27. Nd1
Qb1 28. Rd2 Ba4 29. Nc3 Nxc3 30. Bd3 Qc1 31. Rf1 Bxd1 32. Bxh7+ Kxh7 33. Rxf8
Bh5+ 34. Kf2 Ne4# 0-1

[Event "AUTO-INT-3196"]
[Site "http://www.queenalice.com/game.php?id=1473992"]
[Date "2017.4.18"]
[Round "2"]
[White "jr66"]
[Black "Armynavyclub"]
[Result "1-0"]
[WhiteElo "2473"]
[BlackElo "1871"]

1. e4 e6 2. d4 d5 3. Nc3 dxe4 4. Nxe4 Nf6 5. Nxf6+ Qxf6 6. Nf3 h6 7. Bd3 Nc6 8.
O-O Bd6 9. c3 Bd7 10. Re1 O-O 11. Qe2 Rae8 12. Ne5 Qd8 13. Qh5 f5 14. Bxh6 Bxe5
15. dxe5 gxh6 16. Qg6+ Kh8 17. Qxh6+ Kg8 18. Re3 Nxe5 19. Rg3+ Ng4 20. Rxg4+ 1-0

[Event "AUTO-INT-3196"]
[Site "http://www.queenalice.com/game.php?id=1473993"]
[Date "2017.4.18"]
[Round "2"]
[White "Armynavyclub"]
[Black "jr66"]
[Result "0-1"]
[WhiteElo "1873"]
[BlackElo "2472"]

1. e4 c5 2. Nf3 Nc6 3. d4 cxd4 4. Nxd4 Nf6 5. Nc3 e5 6. Nf5 d5 7. Bd3 dxe4 8.
Nxg7+ Bxg7 9. Nxe4 Nxe4 10. Bxe4 Qxd1+ 11. Kxd1 Be6 0-1

[Event "AUTO-ELITE-1770"]
[Site "http://www.queenalice.com/game.php?id=1482661"]
[Date "2017.6.16"]
[Round "2"]
[White "jr66"]
[Black "krodo"]
[Result "1/2-1/2"]
[WhiteElo "2502"]
[BlackElo "2647"]

1. e4 e6 2. d4 d5 3. Nc3 Nf6 4. e5 Nfd7 5. f4 c5 6. Nf3 Be7 7. Be3 Nc6 8. Qd2 a6
9. Be2 O-O 10. O-O b5 11. a3 Bb7 12. Nd1 Na5 13. b3 Nc6 14. Nf2 Qb6 15. c3 a5
16. Nd3 c4 17. bxc4 bxc4 18. Nf2 f5 19. exf6 Nxf6 20. a4 Rab8 21. Bd1 Ba6 22.
Bc2 Bd6 23. Ne5 Qc7 24. Qe2 Nb4 25. cxb4 axb4 26. Bd2 Qc8 27. Qe3 c3 28. Rfc1 b3
29. Bxb3 Rxb3 30. Rxc3 Rxc3 31. Bxc3 1/2-1/2

[Event "AUTO-ELITE-1770"]
[Site "http://www.queenalice.com/game.php?id=1482662"]
[Date "2017.6.16"]
[Round "2"]
[White "krodo"]
[Black "jr66"]
[Result "1/2-1/2"]
[WhiteElo "2650"]
[BlackElo "2499"]

1. d4 d5 2. c4 c6 3. Nf3 Nf6 4. e3 Bf5 5. Nc3 a6 6. Nh4 Bg4 7. Qb3 b5 8. h3 Bc8
9. c5 a5 10. Nf3 g6 11. Bd3 Bf5 12. Bxf5 gxf5 13. Ne5 Rg8 14. g3 Qc7 15. Ne2
Nbd7 16. Nd3 e5 17. Bd2 e4 18. Ndf4 Bh6 19. Ng2 Nf8 20. Qd1 1/2-1/2

[Event "AUTO-ELITE-1773"]
[Site "http://www.queenalice.com/game.php?id=1483041"]
[Date "2017.6.20"]
[Round "2"]
[White "jandamian"]
[Black "jr66"]
[Result "0-1"]
[WhiteElo "2591"]
[BlackElo "2528"]

1. e4 c5 2. c3 Nf6 3. e5 Nd5 4. d4 cxd4 5. Qxd4 e6 6. Nf3 Nc6 7. Qe4 f5 8. Qe2
b5 9. g3 Be7 10. Bg2 a5 11. O-O Ba6 12. Rd1 O-O 13. Ne1 Qc7 14. Bxd5 exd5 15.
Nf3 b4 16. Qd2 d4 17. cxd4 f4 18. gxf4 d6 19. Qe3 dxe5 20. dxe5 Rad8 21. Qb3+
Kh8 22. Be3 Qc8 23. Nbd2 Qh3 24. Kh1 Bb7 25. Ng1 Nxe5+ 26. f3 Qh5 27. fxe5 Rxd2
28. Rxd2 Rxf3 0-1

[Event "AUTO-ELITE-1773"]
[Site "http://www.queenalice.com/game.php?id=1483042"]
[Date "2017.6.20"]
[Round "2"]
[White "jr66"]
[Black "jandamian"]
[Result "1-0"]
[WhiteElo "2518"]
[BlackElo "2601"]

1. e4 d6 2. d4 Nf6 3. Nc3 g6 4. Nf3 Bg7 5. Be2 O-O 6. O-O c6 7. h3 Nbd7 8. a4
Qc7 9. Be3 a5 10. Nd2 b6 11. f4 e5 12. dxe5 dxe5 13. f5 Nc5 14. Qe1 Qe7 15. Qh4
Ra7 16. g4 gxf5 17. exf5 Qd8 18. g5 Nd5 19. Bxc5 bxc5 20. f6 Nxc3 21. bxc3 Qxd2
22. Bd3 h5 23. Rf3 Bh6 24. Qe4 Qxg5+ 25. Kh1 Qg6 26. Qxe5 Qg5 27. Rg1 Bg4 28.
Rf5 Qg6 29. Rxh5 1-0

[Event "AUTO-ELITE-1800"]
[Site "http://www.queenalice.com/game.php?id=1483812"]
[Date "2017.6.25"]
[Round "2"]
[White "Albator007"]
[Black "jr66"]
[Result "1-0"]
[WhiteElo "2450"]
[BlackElo "2510"]

1. e4 c5 2. Nf3 Nc6 3. d4 cxd4 4. Nxd4 Nf6 5. Nc3 e5 6. Ndb5 d6 7. Nd5 Nxd5 8.
exd5 Nb8 9. a4 Be7 10. Be2 O-O 11. O-O Nd7 12. Bd2 a6 13. Na3 a5 14. f4 f5 15.
Kh1 Bf6 16. Nc4 exf4 17. Nxd6 1-0

[Event "AUTO-ELITE-1800"]
[Site "http://www.queenalice.com/game.php?id=1483813"]
[Date "2017.6.25"]
[Round "2"]
[White "jr66"]
[Black "Albator007"]
[Result "1/2-1/2"]
[WhiteElo "2537"]
[BlackElo "2437"]

1. e4 c5 2. Nf3 d6 3. d4 cxd4 4. Nxd4 Nf6 5. Nc3 a6 6. Be3 e5 7. Nb3 Be6 8. f3
Be7 9. Qd2 O-O 10. O-O-O Nbd7 11. g4 b5 12. g5 b4 13. Ne2 Ne8 14. f4 a5 15. f5
a4 16. Nbd4 1/2-1/2

[Event "AUTO-MASTER-2537"]
[Site "http://www.queenalice.com/game.php?id=1484058"]
[Date "2017.6.28"]
[Round "2"]
[White "jr66"]
[Black "clovis"]
[Result "1-0"]
[WhiteElo "2508"]
[BlackElo "2020"]

1. e4 e5 2. Nf3 Nc6 3. Bb5 f5 4. d3 fxe4 5. dxe4 Nf6 6. O-O Bc5 7. Bxc6 dxc6 8.
Qxd8+ Kxd8 9. Nxe5 Ke7 10. Nd3 Bb6 11. Re1 Rf8 12. a4 Ng4 13. Re2 Be6 14. h3
Nxf2 15. Bg5+ Kd7 16. Nxf2 Rxf2 17. Rxf2 Rf8 18. Bh4 h5 19. a5 Bc5 20. Nd2 g5
21. b4 Bd4 22. Rd1 gxh4 23. Nf3 1-0

[Event "AUTO-MASTER-2537"]
[Site "http://www.queenalice.com/game.php?id=1484059"]
[Date "2017.6.28"]
[Round "2"]
[White "clovis"]
[Black "jr66"]
[Result "0-1"]
[WhiteElo "2022"]
[BlackElo "2505"]

1. e4 c5 2. Nf3 Nc6 3. Bb5 d6 4. O-O Bd7 5. d4 cxd4 6. Nxd4 Nf6 7. Nc3 g6 8. Bg5
Bg7 9. Kh1 h6 10. Bh4 g5 11. Bg3 Nxe4 12. Bxc6 Nxg3+ 13. fxg3 bxc6 14. Nf5 Bxf5
15. Rxf5 e6 16. Rf2 O-O 17. Qh5 Rb8 18. Raf1 f5 19. Qg6 Qe8 20. Qxe8 Rfxe8 21.
h4 Rxb2 0-1

[Event "AUTO-MASTER-2537"]
[Site "http://www.queenalice.com/game.php?id=1484060"]
[Date "2017.6.28"]
[Round "2"]
[White "jr66"]
[Black "Duncan"]
[Result "0-1"]
[WhiteElo "2522"]
[BlackElo "2305"]

1. e4 c5 2. Nf3 d6 3. d4 cxd4 4. Nxd4 Nf6 5. Nc3 a6 6. Bg5 e6 7. f4 Nbd7 8. Qe2
Qc7 9. O-O-O b5 10. a3 Bb7 11. g4 Be7 12. Kb1 O-O-O 13. Bg2 Kb8 14. e5 dxe5 15.
fxe5 Qxe5 16. Be3 Bxg2 17. Qxg2 Qxe3 18. Rhe1 Qf4 19. Nc6+ Kc7 20. Nxe7 Nb8 21.
Qg1 Qf3 22. g5 Rxd1+ 23. Rxd1 Nfd7 24. Rf1 Qh5 25. Qg3+ e5 0-1

[Event "AUTO-MASTER-2537"]
[Site "http://www.queenalice.com/game.php?id=1484061"]
[Date "2017.6.28"]
[Round "2"]
[White "Duncan"]
[Black "jr66"]
[Result "1-0"]
[WhiteElo "2286"]
[BlackElo "2535"]

1. e4 c5 2. Nf3 Nc6 3. d4 cxd4 4. Nxd4 Nf6 5. f3 d5 6. exd5 Qxd5 7. Nxc6 Qxc6 8.
Nc3 a6 9. Be3 Bf5 10. Bd3 Rd8 11. Qe2 Bxd3 12. cxd3 e6 13. O-O Bc5 14. Ne4 Bxe3+
15. Qxe3 Nd5 16. Qc5 Qxc5+ 17. Nxc5 b6 18. Nb3 Ne3 19. Rf2 Rxd3 20. Re1 Ke7 21.
Rfe2 Nd1 22. Nc1 Rd5 23. Rc2 Kd7 24. Kf1 Rc8 25. Rxc8 1-0

[Event "AUTO-OPEN-3730"]
[Site "http://www.queenalice.com/game.php?id=1486966"]
[Date "2017.7.21"]
[Round "3"]
[White "jr66"]
[Black "WeirdGoblin"]
[Result "1-0"]
[WhiteElo "2514"]
[BlackElo "2333"]

1. e4 c6 2. d4 d5 3. Nc3 dxe4 4. Nxe4 Nd7 5. Ng5 Ngf6 6. Bd3 e6 7. N1f3 Bd6 8.
Qe2 h6 9. Ne4 Nxe4 10. Qxe4 Nf6 11. Qe2 Qc7 12. Bd2 b6 13. Ne5 Bb7 14. f4 O-O-O
15. O-O c5 16. a4 cxd4 17. a5 Bc5 18. b4 Bd6 19. axb6 axb6 20. c4 dxc3 21. Bxc3
Nd5 22. Bd4 Kb8 23. Qa2 1-0

[Event "AUTO-OPEN-3730"]
[Site "http://www.queenalice.com/game.php?id=1486967"]
[Date "2017.7.21"]
[Round "3"]
[White "WeirdGoblin"]
[Black "jr66"]
[Result "0-1"]
[WhiteElo "2340"]
[BlackElo "2509"]

1. d4 d5 2. Bf4 c5 3. e3 Nc6 4. c3 Nf6 5. Nf3 Qb6 6. Qb3 c4 7. Qxb6 axb6 8. Nbd2
b5 9. Ne5 Nh5 10. Nxc6 bxc6 11. Be2 Nxf4 12. exf4 e6 13. O-O b4 14. a4 bxa3 15.
bxa3 Rxa3 16. Rxa3 Bxa3 17. Ra1 Bb2 18. Ra8 O-O 19. Nb1 Bc1 20. g3 e5 21. fxe5
Bf5 22. Ra1 Rb8 23. Na3 Bb2 24. Ra2 Bxc3 0-1